000 00211 a2200097 4500
001 11894
100 _aFerguson,J
245 _aAonerican Federal Government
260 _a
_bMC Graw Hill
_c
090 _c9149
_d9149
942 _aNUST-CAE
_cM
_c35988
999 _c246967
_d246967